000
00495nam a2200181Ia 4500
008
100917s9999 xx 000 0 und d
082
_b
26802
100
_a
कानिटकर वि. ग.
245
_a
रक्तखुणा
260
_b
सरीता प्रकाशन
_c
1975
300
_a
180
365
_b
0
520
_a
चरित्र
630
_a
रक्तखुणा
650
_a
चरित्र
730
_a
रक्तखुणा
942
_c
BOOK
999
_c
632196
_d
632193